| 000 | 00495nam a2200205Ia 4500 | ||
|---|---|---|---|
| 008 | 210210b2005 xxu||||| |||| 00| 0 eng d | ||
| 020 | _a81 8198 079 4 | ||
| 082 | _a659.1 AROL | ||
| 100 | _aARORA (Sanjay). | ||
| 245 | _aLanguage of advertising in India. | ||
| 260 |
_aJaipur _bUniversity Book House Pvt Ltd. _c2005 |
||
| 300 | _a148 | ||
| 650 | _aof | ||
| 650 | _aLanguage | ||
| 650 | _aIndia. | ||
| 650 | _ain | ||
| 650 | _aadvertising | ||
| 690 | _aAdvertising | ||
| 906 | _aSG04899 | ||
| 999 |
_c115889 _d115889 |
||